सात फेरे / (Record no. 52236)

MARC details
000 -LEADER
fixed length control field 04059nam a22003977a 4500
005 - DATE AND TIME OF LATEST TRANSACTION
control field 20110509151211.0
010 ## - LCCN (DPL NO)
LC control number B-437868-880
020 ## - INTERNATIONAL STANDARD BOOK NUMBER
International Standard Book Number 9788126318483
Terms of availability 650.00
035 ## - SYSTEM CONTROL NUMBER
System control number B-437868-880
037 ## - SOURCE OF ACQUISITION
Source of stock number/acquisition Allied Pub.
082 ## - DEWEY DECIMAL CLASSIFICATION NUMBER
Classification number
100 ## - MAIN ENTRY--PERSONAL NAME
Personal name जायसवाल, चन्द्रकिशोर
245 ## - TITLE STATEMENT
Title सात फेरे /
Statement of responsibility, etc चन्द्रकिशोर जायसवाल
246 ## - VARYING FORM OF TITLE
Title proper/short title Saat phere
Remainder of title by Chandra Kishore Jayaswal
260 ## - PUBLICATION, DISTRIBUTION, ETC. (IMPRINT)
Place of publication, distribution, etc नई दिल्ली
Name of publisher, distributor, etc भारतीय ज्ञानपीठ
Date of publication, distribution, etc 2009
270 ## - ADDRESS
Address 18, इन्स्टीटयूशनल एरिया, लोदी रोड
City नई दिल्ली
Postal code 110003
300 ## - PHYSICAL DESCRIPTION
Extent 829पृ.
Dimensions 22सेमी (सजिल्द)
490 ## - SERIES STATEMENT
Series statement लोकोदय ग्रन्थमालाःग्रन्थांक 1115; रवीन्द्र कालिया द्वारा संपादित
-- 29120
650 ## - SUBJECT ADDED ENTRY--TOPICAL TERM
Topical term or geographic name as entry element हिन्दी कथा साहित्य
700 ## - ADDED ENTRY--PERSONAL NAME
Personal name कालिया, रवीन्द्र
9 (RLIN) 22979
942 ## - ADDED ENTRY ELEMENTS (KOHA)
Source of classification or shelving scheme Dewey Decimal Classification
Item type Hindi Books
Call number suffix जायस
Classification part
Holdings
Withdrawn status Lost status Not for loan Collection code Home library Current library Date acquired Source of acquisition Cost, normal purchase price Full call number Barcode Copy number Cost, replacement price Koha item type
      Fiction Central Library Central Library 01/07/2011 एलाईड पब्लिशर्स/2970/30.3.11/84/24.3.11/31.3.11 650.00 उ जायस B-437868 2 650.00 Hindi Books
      Fiction Central Library Central Library 01/07/2011 एलाईड पब्लिशर्स/2970/30.3.11/84/24.3.11/31.3.11 650.00 उ जायस B-437869 2 650.00 Hindi Books
  Written-off vide DLB M. No. 383 dt 16.05.19   Fiction Karol Bagh Karol Bagh 01/07/2011 एलाईड पब्लिशर्स/2970/30.3.11/84/24.3.11/31.3.11 650.00 उ जायस B-437874 1 650.00 Hindi Books
      Fiction Mobile Library Mobile Library 01/07/2011 एलाईड पब्लिशर्स/2970/30.3.11/84/24.3.11/31.3.11 650.00 उ जायस B-437870 2 650.00 Hindi Books
      Fiction Mobile Library Mobile Library 01/07/2011 एलाईड पब्लिशर्स/2970/30.3.11/84/24.3.11/31.3.11 650.00 उ जायस B-437871 2 650.00 Hindi Books
      Fiction R.C.Libraries (BL-I) R.C.Libraries (BL-I) 01/07/2011 एलाईड पब्लिशर्स/2970/30.3.11/84/24.3.11/31.3.11 650.00 उ जायस B-437876 2 650.00 Hindi Books
Damaged     Fiction R.C.Libraries (BL-I) R.C.Libraries (BL-I) 01/07/2011 एलाईड पब्लिशर्स/2970/30.3.11/84/24.3.11/31.3.11 650.00 उ जायस B-437877 2 650.00 Hindi Books
  Written-off vide DLB M. No. 383 dt 16.05.19   Fiction R.C.Libraries (BL-III) R.C.Libraries (BL-III) 01/07/2011 एलाईड पब्लिशर्स/2970/30.3.11/84/24.3.11/31.3.11 650.00 उ जायस B-437879 2 650.00 Hindi Books
      Fiction R.C.Libraries (BL-III) R.C.Libraries (BL-III) 01/07/2011 एलाईड पब्लिशर्स/2970/30.3.11/84/24.3.11/31.3.11 650.00 उ जायस B-437880 2 650.00 Hindi Books
  Written-off vide DLB M. No. 383 dt 16.05.19   Fiction R.C.Libraries (zls) R.C.Libraries (zls) 01/07/2011 एलाईड पब्लिशर्स/2970/30.3.11/84/24.3.11/31.3.11 650.00 उ जायस B-437878 1 650.00 Hindi Books
  Written-off vide DLB M. No. 383 dt 16.05.19   Fiction Sarojini Nagar Sarojini Nagar 01/07/2011 एलाईड पब्लिशर्स/2970/30.3.11/84/24.3.11/31.3.11 650.00 उ जायस B-437873 1 650.00 Hindi Books
      Fiction Shahdara Branch Shahdara Branch 01/07/2011 एलाईड पब्लिशर्स/2970/30.3.11/84/24.3.11/31.3.11 650.00 उ जायस B-437872 1 650.00 Hindi Books
      Fiction Shahdara Branch Shahdara Branch 01/07/2011 एलाईड पब्लिशर्स/2970/30.3.11/84/24.3.11/31.3.11 650.00 उ जायस B-437875 1 650.00 Hindi Books

© Delhi Public Library
Hit Counter
free hit counter